Missing Word: Nirvana Songs (A-Z) Quiz Stats

 Plays Quiz Updated Jun 1, 2018

Challenge
Share
Tweet
Embed
Score 0/25 Timer 03:00
0 Plays Today
Hint Answer % Correct
_____ as You AreCome
95.7%
Smells Like _____ SpiritTeen
95.6%
About a _____Girl
89.6%
If _____ MustYou
88.3%
You _____ You're RightKnow
86.5%
Even _____ His Youth In
80%
_____ Shaped Box Heart
79.7%
__ a PlainOn
68.3%
Hairspray _____Queen
64%
Something in the _____Way
63.2%
_____ Doesn't Want Me for a SunbeamJesus
62.2%
All _____Apologies
60.8%
In _____Bloom
56.6%
Hint Answer % Correct
_____ TeaPennyroyal
45.2%
_____ the Barber Floyd
37.3%
_____ YouDrain
34.2%
Serve the _____Servants
33.8%
_____ ItMilk
33.1%
_____ ActLounge
31.1%
Radio Friendly _____ ShifterUnit
28.6%
_____ CreepNegative
28.1%
_____, NamelessEndless
28%
_____ ApeVery
26.7%
_____ of the RatReturn
25.8%
Aero _____Zeppelin
22%

Today's Daily Dose

Missing Word
'F' Pairs

Word Ladder
Mixed Synonyms

On This Day
August 15th II

You're not logged in!

Compare scores with friends on all Sporcle quizzes.
Join for Free
OR
Log In

You Might Also Like...

Show Comments

Extras

Top Quizzes Today


Score Distribution

Your Account Isn't Verified!

In order to create a playlist on Sporcle, you need to verify the email address you used during registration. Go to your Sporcle Settings to finish the process.

Report this User

Report this user for behavior that violates our Community Guidelines.

Details: